Basic Blueprint Reading & Sketching (Record no. 930592)

MARC details
000 -LEADER
fixed length control field 00271nam a2200097Ia 4500
008 - FIXED-LENGTH DATA ELEMENTS--GENERAL INFORMATION
fixed length control field 231107s2011 xx 000 0 und d
041 ## - LANGUAGE CODE
Language code of text/sound track or separate title eng
100 ## - MAIN ENTRY--PERSONAL NAME
Personal name Olivo Thomos P.
245 ## - TITLE STATEMENT
Title Basic Blueprint Reading & Sketching
260 ## - PUBLICATION, DISTRIBUTION, ETC.
Place of publication, distribution, etc. Australia
Name of publisher, distributor, etc. Delmar Cengage Learning
Date of publication, distribution, etc. 2011
Holdings
Withdrawn status Lost status Damaged status Not for loan Home library Current library Date acquired Cost, normal purchase price Total Checkouts Barcode Date last seen Price effective from Koha item type
        College of Architecture, Navi Mumbai College of Architecture, Navi Mumbai 08/11/2023 4473.00   ARM-A-8921 08/11/2023 08/11/2023 Book